[Event "BRA-ch U16 Girls"]
[Site "Itajai"]
[Date "2017.06.04"]
[Round "6"]
[White "Taborda, Kauane Adriele"]
[Black "Ferreira, Ana Luiza Cassoni B"]
[Result "0-1"]
[WhiteElo "1759"]
[BlackElo "1363"]
[PlyCount "50"]
[EventDate "2017.06.01"]
[EventType "swiss"]
[EventRounds "6"]
[EventCountry "BRA"]
[SourceTitle "CBM 179 Extra"]
[Source "ChessBase"]
[SourceDate "2017.08.23"]
[SourceVersion "1"]
[SourceVersionDate "2017.08.23"]
[SourceQuality "1"]

1. e4 c5 2. Nc3 Nc6 3. Nf3 g6 4. Bc4 Bg7 5. Ng5 e6 6. d3 Nf6 7. Bf4 d6 8. Nb5 Ne5 9. Bb3 a6 10. d4 cxd4 11. Qxd4 axb5 12. Bxe5 0-0 13. Bxd6 Re8 14. e5 Nd5 15. 0-0 Qxg5 16. Rfe1 Ne7 17. Bxe7 Qxe7 18. Re4 Bd7 19. Rh4 Bc6 20. f3 Rad8 21. Qg4 Qc5+ 22. Kh1 Qxe5 23. g3 Qe2 24. Kg1 Rd2 25. Rh3 Qg2# 0-1

[Event "BRA-ch U16 Girls"]
[Site "Itajai"]
[Date "2017.06.02"]
[Round "3"]
[White "Gilioli, Taynara Marquers"]
[Black "Ferreira, Ana Luiza Cassoni B"]
[Result "1-0"]
[WhiteElo "1526"]
[BlackElo "1363"]
[PlyCount "93"]
[EventDate "2017.06.01"]
[EventType "swiss"]
[EventRounds "6"]
[EventCountry "BRA"]
[SourceTitle "CBM 179 Extra"]
[Source "ChessBase"]
[SourceDate "2017.08.23"]
[SourceVersion "1"]
[SourceVersionDate "2017.08.23"]
[SourceQuality "1"]

1. e4 c5 2. Nf3 Nc6 3. d4 cxd4 4. Nxd4 g6 5. Nc3 Bg7 6. Nb3 Nf6 7. Bd3 a6 8. 0-0 d6 9. Be3 Ne5 10. h3 Bd7 11. Qd2 Qc8 12. f4 Nc4 13. Bxc4 Qxc4 14. e5 dxe5 15. fxe5 Ng8 16. Rad1 Qc6 17. Na5 Qc8 18. Nd5 Rb8 19. Nb6 Qc7 20. Qxd7+ Qxd7 21. Rxd7 Bxe5 22. Bf4 Bxf4 23. Rxf4 Nf6 24. Rxb7 Rxb7 25. Nxb7 0-0 26. Rc4 Rb8 27. Rc8+ Rxc8 28. Nxc8 e6 29. Nc5 a5 30. Nd6 Nd5 31. Ndb7 Nb4 32. c3 Nc6 33. a3 Kf8 34. b4 axb4 35. cxb4 Na7 36. a4 Ke8 37. b5 Ke7 38. b6 Nc8 39. a5 h5 40. Na4 Kd7 41. Nbc5+ Kc6 42. b7 Kc7 43. bxc8Q+ Kxc8 44. a6 Kb8 45. Nc3 Ka7 46. Nb5+ Kb6 47. a7 1-0

[Event "Sao Paulo-C U1700 op 5th"]
[Site "Sao Paulo"]
[Date "2016.10.15"]
[Round "4.39"]
[White "Da Cunha, Gabriela Goes"]
[Black "Ferreira, Ana Luiza Cassoni B"]
[Result "1-0"]
[WhiteElo "1838"]
[BlackElo "1303"]
[PlyCount "89"]
[EventDate "2016.10.13"]
[EventType "swiss"]
[EventRounds "6"]
[EventCountry "BRA"]
[SourceTitle "EXT 2022"]
[Source "ChessBase"]
[SourceDate "2021.10.06"]
[SourceVersion "1"]
[SourceVersionDate "2021.10.06"]
[SourceQuality "1"]

1. d4 Nf6 2. Nf3 d5 3. Bf4 g6 4. e3 Bg7 5. Nbd2 Nc6 6. h3 a6 7. Bd3 Nb4 8. Be2 Bf5 9. 0-0 0-0 10. c3 Nc6 11. Re1 Re8 12. Ne5 Nxe5 13. Bxe5 c6 14. Nf3 Qb6 15. Qb3 Qxb3 16. axb3 Nd7 17. Bh2 e5 18. Nxe5 Nxe5 19. Bxe5 Bxe5 20. dxe5 Rxe5 21. Red1 Bc2 22. Rd4 b5 23. Bd1 Bxd1 24. Rdxd1 Kf8 25. Kh2 Ke7 26. Kg3 Kd6 27. c4 Kc5 28. cxd5 Rxd5 29. Rxd5+ Kxd5 30. Kg4 Kc5 31. Kg5 Kb4 32. Kf6 Ra7 33. Kg7 h5 34. Ra3 a5 35. g4 hxg4 36. hxg4 a4 37. f4 Kc5 38. f5 gxf5 39. gxf5 Kd5 40. bxa4 bxa4 41. b3 Ke4 42. Rxa4+ Rxa4 43. bxa4 Kd5 44. Kxf7 c5 45. Ke7 1-0

[Event "BRA-ch Amateur U1800"]
[Site "Sao Paulo"]
[Date "2016.05.26"]
[Round "1"]
[White "Miranda, Rafael Souza"]
[Black "Ferreira, Ana Luiza Cassoni B"]
[Result "1-0"]
[WhiteElo "1743"]
[BlackElo "1308"]
[PlyCount "103"]
[EventDate "2016.05.26"]
[EventType "swiss"]
[EventRounds "7"]
[EventCountry "BRA"]
[SourceTitle "EXT 2019"]
[Source "ChessBase"]
[SourceDate "2018.10.10"]
[SourceVersion "1"]
[SourceVersionDate "2018.10.10"]
[SourceQuality "1"]

1. d4 Nf6 2. c4 e5 3. dxe5 Ng4 4. e6 Bb4+ 5. Bd2 Bxd2+ 6. Nxd2 dxe6 7. e3 Nf6 8. Ngf3 Nc6 9. Be2 h6 10. a3 a5 11. Qc2 b6 12. c5 Bb7 13. Rd1 Qe7 14. cxb6 cxb6 15. Bb5 Qc5 16. Qxc5 bxc5 17. Ne5 Rc8 18. Nb3 0-0 19. Nxc6 Bxc6 20. Bxc6 Rxc6 21. Nxa5 Rb6 22. Nc4 Rb7 23. Ke2 Rfb8 24. Rd2 Ne4 25. Rc2 Rd8 26. Rd1 Rxd1 27. Kxd1 Kf8 28. f3 Nf6 29. g3 Rb3 30. Rd2 Nd5 31. Kc2 Rb5 32. e4 Nf6 33. Rd8+ Ke7 34. Rc8 Kd7 35. Ra8 Ke7 36. Ra7+ Kf8 37. Nd6 Rb6 38. Ra8+ Ke7 39. Nc8+ Kd7 40. Nxb6+ Kc6 41. Nc4 Nd7 42. Kc3 Nb6 43. Ra6 Kb7 44. Rxb6+ Kc7 45. a4 g5 46. a5 h5 47. a6 g4 48. fxg4 hxg4 49. a7 f6 50. a8Q f5 51. Qa7+ Kc8 52. Rb8# 1-0

[Event "Sao Paulo Hebraica op 23rd"]
[Site "Sao Paulo"]
[Date "2016.01.09"]
[Round "3"]
[White "Ferreira, Ana Luiza Cassoni B"]
[Black "Sato, Leticia Miho"]
[Result "1/2-1/2"]
[WhiteElo "1246"]
[BlackElo "1519"]
[PlyCount "73"]
[EventDate "2016.01.08"]
[EventType "swiss"]
[EventRounds "6"]
[EventCountry "BRA"]
[SourceTitle "CBM 170 Extra"]
[Source "ChessBase"]
[SourceDate "2016.02.25"]
[SourceVersion "1"]
[SourceVersionDate "2016.02.25"]
[SourceQuality "1"]

1. e4 e5 2. Nf3 Nf6 3. Nxe5 d6 4. Nf3 Nxe4 5. Qe2 Qe7 6. d3 Nf6 7. Qxe7+ Bxe7 8. g3 Nc6 9. a3 h6 10. Nc3 a6 11. Bg2 0-0 12. 0-0 Re8 13. Re1 Bg4 14. Bd2 Rab8 15. Ne4 Bxf3 16. Bxf3 Nd4 17. Nxf6+ Bxf6 18. Rxe8+ Rxe8 19. Bd1 c5 20. c3 Nc6 21. Bf3 Kf8 22. Bf4 Be5 23. Bxe5 Rxe5 24. Kf1 Nd8 25. Re1 f6 26. h4 b6 27. Rxe5 dxe5 28. b4 Ke7 29. h5 Kd6 30. Ke2 Nc6 31. g4 Na7 32. a4 cxb4 33. cxb4 a5 34. bxa5 bxa5 35. Kd2 Nc8 36. Bd1 Kc5 37. Kc3 1/2-1/2

[Event "Sao Paulo Hebraica op 23rd"]
[Site "Sao Paulo"]
[Date "2016.01.09"]
[Round "4"]
[White "Ferreira, Renato Luis Bueloni"]
[Black "Ferreira, Ana Luiza Cassoni B"]
[Result "0-1"]
[WhiteElo "1417"]
[BlackElo "1246"]
[PlyCount "56"]
[EventDate "2016.01.08"]
[EventType "swiss"]
[EventRounds "6"]
[EventCountry "BRA"]
[SourceTitle "CBM 170 Extra"]
[Source "ChessBase"]
[SourceDate "2016.02.25"]
[SourceVersion "1"]
[SourceVersionDate "2016.02.25"]
[SourceQuality "1"]

1. e4 c5 2. Nf3 d6 3. d4 cxd4 4. Nxd4 Nf6 5. Nc3 Nc6 6. f3 a6 7. Be3 g6 8. Qd2 Bg7 9. 0-0-0 0-0 10. Kb1 Qc7 11. g3 Bd7 12. Nd5 Nxd5 13. exd5 Ne5 14. Bg2 b5 15. f4 Nc4 16. Qc3 Rfc8 17. Be4 Nxe3 18. Qxc7 Rxc7 19. Rd2 Rc4 20. Ne6 Rxe4 21. Ng5 Rc4 22. h4 Rac8 23. c3 b4 24. Rc1 bxc3 25. bxc3 Bxc3 26. Rdc2 Rb8+ 27. Rb2 Rxb2+ 28. Ka1 Rbb4+ 0-1

[Event "Sao Paulo Hebraica op 20th"]
[Site "Sao Paulo"]
[Date "2015.06.05"]
[Round "3"]
[White "Da Silva, Pedro Vieira Prado"]
[Black "Ferreira, Ana Luiza Cassoni B"]
[Result "1-0"]
[WhiteElo "1512"]
[BlackElo "1202"]
[PlyCount "105"]
[EventDate "2015.06.04"]
[EventType "swiss"]
[EventRounds "6"]
[EventCountry "BRA"]
[SourceTitle "CBM 166 Extra"]
[Source "ChessBase"]
[SourceDate "2015.06.18"]
[SourceVersion "1"]
[SourceVersionDate "2015.06.18"]
[SourceQuality "1"]

1. d4 Nf6 2. c4 e5 3. dxe5 Ng4 4. Nf3 Nc6 5. Nc3 Bc5 6. e3 Ngxe5 7. Nxe5 Nxe5 8. Be2 0-0 9. 0-0 Bb4 10. Nd5 Bc5 11. b3 a5 12. Bb2 Re8 13. Qc2 c6 14. Nc3 d6 15. Rad1 Qg5 16. Kh1 Be6 17. Qb1 Rad8 18. Ne4 Qf5 19. Nxc5 Qxb1 20. Rxb1 dxc5 21. Bxe5 Bf5 22. Rbd1 Rxd1 23. Rxd1 h6 24. Bc7 Ra8 25. Rd8+ Rxd8 26. Bxd8 Bb1 27. Bxa5 Bxa2 28. Bd1 Kf8 29. Bc2 g6 30. Kg1 Ke7 31. Bb6 f5 32. Kf1 Ke6 33. Ke2 Ke5 34. f4+ Kd6 35. h4 h5 36. Kd2 Bxb3 37. Bxb3 Kd7 38. Bxc5 Kc7 39. Bd4 Kd6 40. c5+ Ke7 41. Kd3 Kf8 42. Kc4 Kf7 43. Kb4+ Ke7 44. Ka5 Kf8 45. Kb6 Ke7 46. Kxb7 Kf8 47. Kxc6 Ke7 48. Kb7 Kd7 49. c6+ Ke7 50. c7 Kd6 51. c8Q Ke7 52. Bc5+ Kf6 53. Qf8# 1-0

[Event "Sao Paulo Hebraica op 20th"]
[Site "Sao Paulo"]
[Date "2015.06.04"]
[Round "2"]
[White "De Sousa, Fabiana"]
[Black "Ferreira, Ana Luiza Cassoni B"]
[Result "1-0"]
[WhiteElo "1585"]
[BlackElo "1202"]
[PlyCount "83"]
[EventDate "2015.06.04"]
[EventType "swiss"]
[EventRounds "6"]
[EventCountry "BRA"]
[SourceTitle "CBM 166 Extra"]
[Source "ChessBase"]
[SourceDate "2015.06.18"]
[SourceVersion "1"]
[SourceVersionDate "2015.06.18"]
[SourceQuality "1"]

1. d4 Nf6 2. Nf3 g6 3. Bf4 Nc6 4. e3 Bg7 5. Be2 0-0 6. Nbd2 d5 7. c4 e6 8. Qc2 Bd7 9. h3 Rc8 10. 0-0 Ne7 11. cxd5 Nexd5 12. Bh2 c6 13. a3 Re8 14. Nc4 Ra8 15. Nd6 Rf8 16. Nxb7 Qb6 17. Nc5 Rfd8 18. Rac1 Rac8 19. b4 Kh8 20. Ba6 Ra8 21. Bb7 Rab8 22. Bxb8 Rxb8 23. Nxd7 Nxd7 24. Bxc6 Rc8 25. Qa4 N7f6 26. Bxd5 Rd8 27. Rc6 Qb8 28. Ba2 h5 29. Ne5 Kg8 30. Rfc1 Rf8 31. Qa6 Qe8 32. Rc8 Qe7 33. R1c7 Qxc7 34. Rxc7 h4 35. Qxa7 Nd5 36. Rxf7 Rxf7 37. Qxf7+ Kh8 38. Nxg6+ Kh7 39. Nf8+ Kh8 40. Nxe6 Bxd4 41. exd4 Nc3 42. Qg7# 1-0

[Event "Sao Paulo op-B 2nd"]
[Site "Sao Paulo"]
[Date "2015.02.07"]
[Round "3"]
[White "Brujin, Homero"]
[Black "Ferreira, Ana Luiza Cassoni B"]
[Result "1-0"]
[WhiteElo "1500"]
[BlackElo "1661"]
[PlyCount "91"]
[EventDate "2015.02.05"]
[EventType "swiss"]
[EventRounds "6"]
[EventCountry "BRA"]
[SourceTitle "CBM 164 Extra"]
[Source "ChessBase"]
[SourceDate "2015.03.02"]
[SourceVersion "1"]
[SourceVersionDate "2015.03.02"]
[SourceQuality "1"]

1. d4 Nf6 2. Nf3 g6 3. c4 Bg7 4. Nc3 0-0 5. e4 d6 6. Be2 e5 7. d5 Nh5 8. 0-0 Nf4 9. Re1 f5 10. Bd2 Nd7 11. b4 b6 12. Bxf4 exf4 13. Nd4 Nf6 14. Nc6 Qd7 15. exf5 gxf5 16. Rc1 Bb7 17. b5 Bxc6 18. dxc6 Qf7 19. Qd3 Ne4 20. Nxe4 fxe4 21. Qxe4 Rae8 22. Qd5 Qxd5 23. cxd5 Bh6 24. Bf3 Re5 25. Rxe5 dxe5 26. Re1 Bg7 27. Be4 Rd8 28. Rd1 Rd6 29. Rd3 h6 30. Ra3 Kf7 31. Rxa7 Rd8 32. Rxc7+ Kf6 33. Rb7 h5 34. Rxb6 Ke7 35. Rb7+ Kd6 36. b6 Rc8 37. c7 f3 38. Rb8 Rf8 39. Rxf8 Bxf8 40. c8Q fxg2 41. Qxf8+ Kd7 42. Qf7+ Kd8 43. Kxg2 h4 44. Bf5 h3+ 45. Bxh3 e4 46. Qd7# 1-0

[Event "Sao Paulo Hebraica op 18th"]
[Site "Sao Paulo"]
[Date "2014.07.17"]
[Round "1"]
[White "Alboredo, Julia"]
[Black "Ferreira, Ana Luiza Cassoni B"]
[Result "1-0"]
[WhiteElo "1864"]
[BlackElo "1708"]
[PlyCount "95"]
[EventDate "2014.07.17"]
[EventType "swiss"]
[EventRounds "6"]
[EventCountry "BRA"]
[SourceTitle "CBM 161 Extra"]
[Source "ChessBase"]
[SourceDate "2014.08.29"]
[SourceVersion "1"]
[SourceVersionDate "2014.08.29"]
[SourceQuality "1"]

1. e4 e5 2. Nf3 Nc6 3. d4 d5 4. exd5 Qxd5 5. dxe5 Qxd1+ 6. Kxd1 Bg4 7. Bf4 0-0-0+ 8. Bd3 Nb4 9. Ke2 Nxd3 10. cxd3 f6 11. exf6 Nxf6 12. Nc3 a6 13. Rhd1 Bd6 14. Be3 Bxf3+ 15. Kxf3 Bxh2 16. g3 h5 17. Bg5 Rd7 18. Bxf6 gxf6 19. Kg2 Bxg3 20. fxg3 h4 21. gxh4 Rxh4 22. Ne4 Rf4 23. Kg3 Rf5 24. Kg4 Rdd5 25. Rac1 c6 26. Nd6+ Rxd6 27. Kxf5 Kd7 28. Rh1 Rxd3 29. Rcd1 Rxd1 30. Rxd1+ Kc7 31. Kxf6 Kb6 32. Rd7 a5 33. Ke5 a4 34. Kd4 a3 35. bxa3 Ka6 36. Kc5 Ka7 37. Rd8 b6+ 38. Kxc6 b5 39. Kxb5 Kb7 40. Rd7+ Kc8 41. Rh7 Kd8 42. Kc6 Ke8 43. Kd6 Kf8 44. Ke6 Kg8 45. Rf7 Kh8 46. Kf6 Kg8 47. Kg6 Kh8 48. Rf8# 1-0

[Event "Sao Paulo Hebraica op 17th"]
[Site "Sao Paulo"]
[Date "2014.01.12"]
[Round "5"]
[White "Ferreira, Ana Luiza Cassoni B"]
[Black "Riboldi, Mario Garcia"]
[Result "0-1"]
[WhiteElo "1770"]
[BlackElo "1682"]
[PlyCount "44"]
[EventDate "2014.01.09"]
[EventType "swiss"]
[EventRounds "6"]
[EventCountry "BRA"]
[SourceTitle "CBM 158 Extra"]
[Source "ChessBase"]
[SourceDate "2014.02.28"]
[SourceVersion "1"]
[SourceVersionDate "2014.02.28"]
[SourceQuality "1"]

1. e4 c5 2. Nf3 Nc6 3. Nc3 g6 4. d4 cxd4 5. Nxd4 Bg7 6. Be3 Nf6 7. Qd2 Ng4 8. Nxc6 bxc6 9. f3 Nxe3 10. Qxe3 Rb8 11. 0-0-0 Qa5 12. a3 0-0 13. g3 d6 14. g4 Be6 15. Be2 Rb7 16. h4 Rfb8 17. h5 Rxb2 18. hxg6 Qxc3 19. Qxc3 Bxc3 20. gxh7+ Kh8 21. Bb5 R8xb5 22. Rd3 Rb1# 0-1

[Event "BRA-ch U12 Girls"]
[Site "Rio de Janeiro"]
[Date "2012.05.12"]
[Round "4"]
[White "Ferreira, Ana Luiza Cassoni B"]
[Black "Miranda, Catarina Oliveira"]
[Result "1-0"]
[WhiteElo "1790"]
[BlackElo "1825"]
[PlyCount "103"]
[EventDate "2012.05.11"]
[EventType "swiss"]
[EventRounds "5"]
[EventCountry "BRA"]
[SourceTitle "CBM 148 Extra"]
[Source "ChessBase"]
[SourceDate "2012.06.22"]
[SourceVersion "1"]
[SourceVersionDate "2012.06.22"]
[SourceQuality "1"]

1. e4 d6 2. d4 Nf6 3. Nc3 g6 4. Bg5 Bg7 5. Nf3 0-0 6. e5 dxe5 7. dxe5 Ng4 8. Qd2 Nxe5 9. Nxe5 Qxd2+ 10. Kxd2 Bxe5 11. Bxe7 Re8 12. Nd5 c6 13. Re1 Nd7 14. Nf6+ Bxf6 15. Bxf6 Rxe1 16. Kxe1 Nxf6 17. Bd3 Bd7 18. Kd1 Rd8 19. Re1 Bf5 20. Re3 a6 21. h3 b5 22. g4 Bc8 23. Ke2 Nd5 24. Rf3 Re8+ 25. Kd2 c5 26. c4 bxc4 27. Bxc4 Bb7 28. a3 Rd8 29. Rd3 Kf8 30. b4 Ke8 31. bxc5 Bc6 32. Bxa6 Nc7 33. Rxd8+ Kxd8 34. Bc4 f6 35. Kc3 Nb5+ 36. Bxb5 Bxb5 37. Kb4 Bc6 38. a4 Kd7 39. a5 Ke6 40. Kc4 f5 41. Kd4 fxg4 42. hxg4 h5 43. gxh5 gxh5 44. Ke3 h4 45. Kf4 Bg2 46. Kg4 h3 47. Kg3 Bf1 48. a6 Bg2 49. a7 Kd5 50. a8Q+ Kxc5 51. Qd8 Kc4 52. f4 1-0

[Event "BRA-ch U16 Girls"]
[Site "Sao Paulo"]
[Date "2012.04.28"]
[Round "2"]
[White "Ferreira, Ana Luiza Cassoni B"]
[Black "Monnerat, Clarice Simoes"]
[Result "0-1"]
[WhiteElo "1790"]
[BlackElo "1810"]
[PlyCount "106"]
[EventDate "2012.04.28"]
[EventType "swiss"]
[EventRounds "7"]
[EventCountry "BRA"]
[SourceTitle "CBM 148 Extra"]
[Source "ChessBase"]
[SourceDate "2012.06.22"]
[SourceVersion "1"]
[SourceVersionDate "2012.06.22"]
[SourceQuality "1"]

1. e4 c5 2. Nf3 d6 3. d4 cxd4 4. Nxd4 Nf6 5. Nc3 g6 6. Bb5+ Nc6 7. 0-0 Bd7 8. Bg5 Bg7 9. Re1 0-0 10. Rb1 Qb6 11. Be3 Qc7 12. Nf3 a6 13. Bc4 Rac8 14. Bd5 b5 15. b3 e6 16. Bxc6 Qxc6 17. Qd3 Qxc3 18. Qxc3 Rxc3 19. Rbc1 Nxe4 20. Red1 Rfc8 21. Nd4 Bxd4 22. Rxd4 d5 23. f3 Nf6 24. Rd2 Rxe3 25. Kf2 Rec3 26. Kg1 e5 27. Kf1 Bf5 28. g4 Rxc2 29. Rdxc2 Rxc2 30. Re1 Bd3+ 31. Kg1 e4 32. fxe4 dxe4 33. Re3 Nxg4 34. Rg3 Nxh2 35. Rg2 Rxg2+ 36. Kxg2 Nf3 37. Kf2 h5 38. Kg3 h4+ 39. Kg4 f5+ 40. Kf4 h3 41. Kg3 h2 42. Kg2 e3 43. a4 bxa4 44. bxa4 e2 45. Kxf3 h1Q+ 46. Ke3 e1Q+ 47. Kxd3 Qh3+ 48. Kd4 Qa5 49. Kc4 Qg4+ 50. Kd3 Qd5+ 51. Kc3 Qdf3+ 52. Kd2 Qgg2+ 53. Ke1 Qff1# 0-1

[Event "BRA-ch U16 Girls"]
[Site "Sao Paulo"]
[Date "2012.04.28"]
[Round "1"]
[White "Queiroz, Stella Becker"]
[Black "Ferreira, Ana Luiza Cassoni B"]
[Result "1-0"]
[WhiteElo "1581"]
[BlackElo "1790"]
[PlyCount "95"]
[EventDate "2012.04.28"]
[EventType "swiss"]
[EventRounds "7"]
[EventCountry "BRA"]
[SourceTitle "CBM 148 Extra"]
[Source "ChessBase"]
[SourceDate "2012.06.22"]
[SourceVersion "1"]
[SourceVersionDate "2012.06.22"]
[SourceQuality "1"]

1. e4 e5 2. Nf3 Nc6 3. d4 d5 4. dxe5 dxe4 5. Qxd8+ Nxd8 6. Nfd2 Bb4 7. c3 Be7 8. Nxe4 Bf5 9. Ng3 Bxb1 10. Rxb1 Nc6 11. f4 f6 12. e6 0-0-0 13. Be3 Kb8 14. Be2 g5 15. f5 Rd6 16. 0-0 h6 17. Rbd1 Rh7 18. Rxd6 Bxd6 19. Ne4 Rg7 20. Rd1 Bf4 21. Bxf4 gxf4 22. Rd7 Rxd7 23. exd7 a6 24. Nc5 Nge7 25. Ne6 Nxf5 26. d8Q+ Nxd8 27. Nxd8 Kc8 28. Bg4 Kxd8 29. Bxf5 h5 30. Kf2 b5 31. Kf3 Ke7 32. Kxf4 Kf7 33. b4 c6 34. Bc8 Kg6 35. Bxa6 f5 36. Bb7 h4 37. Bxc6 Kf6 38. Bxb5 Kg6 39. a4 Kf6 40. a5 Kg6 41. a6 Kf6 42. a7 Kg6 43. a8Q Kf6 44. Qc6+ Kg7 45. Kxf5 Kh7 46. Qg6+ Kh8 47. Kf6 h3 48. Qg7# 1-0